000 00386nam a2200157Ia 4500
008 230524s9999 xx 000 0 und d
082 _a420
_bLAK
100 _aK.R.Lakshminarayanan
245 0 _aEnglish for Technical Communication Vol-I
250 _a1ST
260 _aCHENNAI
_bScitech
_c2002
300 _a219
500 _aQuantity Number: 2
650 _aEnglish
942 _cBK
999 _c12458
_d12458